Elementary statistics for geographers
Αποθηκεύτηκε σε:
| Κύριος συγγραφέας: | |
|---|---|
| Άλλοι συγγραφείς: | |
| Μορφή: | Βιβλίο |
| Γλώσσα: | English |
| Δημοσίευση: |
New York :
Guilford Press,
c1996
|
| Έκδοση: | 2nd ed. |
| Θέματα: | |
| Ετικέτες: |
Προσθήκη ετικέτας
Δεν υπάρχουν, Καταχωρήστε ετικέτα πρώτοι!
|
MARC
| LEADER | 00000nam a2200000 i 4500 | ||
|---|---|---|---|
| 001 | 1/94863 | ||
| 008 | 991130s1996 eng d | ||
| 020 | |a 0-89862-999-3 | ||
| 035 | |l 10055026 | ||
| 040 | |a GR-MY-UA |b gre |e aacr | ||
| 041 | 0 | |a eng | |
| 082 | 0 | |a 910.21 | |
| 100 | 1 | |a Burt, James A. | |
| 245 | 1 | 0 | |a Elementary statistics for geographers / |c James E. Burt, Gerald M. Barber |
| 250 | |a 2nd ed. | ||
| 260 | |a New York : |b Guilford Press, |c c1996 | ||
| 300 | |a viii, 640 σ.; |b εικ.; |c 25 εκ. | ||
| 500 | |a Rev. ed. of: Elementary statistics for geographers/ Gerald M. Barber. c1988 | ||
| 504 | |a Περιέχει βιβλιογραφικές παραπομπές και ευρετήριο | ||
| 650 | 0 | 0 | |a Geography |x Statistical methods. |
| 700 | 1 | |a Barber, Gerald M. | |
| 852 | |a INST |b LESVOS |e 19991130 |h 910.21 BUR |p 005100022264 |q 005100022264 |t BK |y 0 | ||
| 901 | |a BIBL1-2000-1 | ||
| 909 | |a Λ |b 070305 | ||
| 922 | |a 1ΕΛΗ |b 199911 |c ΚΠΣ/ΤΓ |d LEADER | ||
| 950 | |a 118-1999-09-03 | ||
| 970 | |a ΤΖΑΦΕΡΗ |b ΕΥΑΓΓΕΛΙΑ |z 2000/01/13 | ||